تحریکی خلافت / (Record no. 106733)

MARC details
000 -LEADER
fixed length control field 00905nam a22002657a 4500
005 - DATE AND TIME OF LATEST TRANSACTION
control field 20170123162316.0
010 ## - LIBRARY OF CONGRESS CONTROL NUMBER
LC control number 940934
020 ## - INTERNATIONAL STANDARD BOOK NUMBER
Terms of availability 12.00
035 ## - SYSTEM CONTROL NUMBER
System control number 940934
037 ## - SOURCE OF ACQUISITION
Source of stock number/acquisition Cen Lib/Ret
040 ## - CATALOGING SOURCE
Original cataloging agency DPL
Language of cataloging UR
082 ## - DEWEY DECIMAL CLASSIFICATION NUMBER
Classification number 954.0841
Item number ع ب س
100 ## - MAIN ENTRY--PERSONAL NAME
Personal name عبّاسی، عدیل محمد
9 (RLIN) 108766
245 ## - TITLE STATEMENT
Title تحریکی خلافت /
Statement of responsibility, etc محمد عدیل عبّاسی
246 ## - VARYING FORM OF TITLE
Title proper/short title Tahreek-e-khilafat /
Remainder of title by Mohamad Adil Abbasi
260 ## - PUBLICATION, DISTRIBUTION, ETC. (IMPRINT)
Place of publication, distribution, etc نیی دہلی
Name of publisher, distributor, etc تراققی اردو بورڈ
Date of publication, distribution, etc 1978
270 ## - ADDRESS
City نیی دہلی
300 ## - PHYSICAL DESCRIPTION
Extent 279p.
Dimensions 21cm(Hb)
500 ## - GENERAL NOTE
General note کتابیات شامل
650 ## - SUBJECT ADDED ENTRY--TOPICAL TERM
Topical term or geographic name as entry element تاریخ - بھارت
Form subdivision
9 (RLIN) 110758
650 ## - SUBJECT ADDED ENTRY--TOPICAL TERM
Topical term or geographic name as entry element تاریخ - بھارت (خلافت تحریک)
9 (RLIN) 114581
650 ## - SUBJECT ADDED ENTRY--TOPICAL TERM
Topical term or geographic name as entry element History -- India
9 (RLIN) 114582
650 ## - SUBJECT ADDED ENTRY--TOPICAL TERM
Topical term or geographic name as entry element History -- India khilafat movement
9 (RLIN) 114583
942 ## - ADDED ENTRY ELEMENTS (KOHA)
Source of classification or shelving scheme Dewey Decimal Classification
Koha item type Urdu Bks
Classification part 954.0841
Call number suffix ع ب س
Holdings
Withdrawn status Lost status Damaged status Not for loan Home library Current library Date acquired Source of acquisition Cost, normal purchase price Total Checkouts Full call number Barcode Date last seen Copy number Cost, replacement price Price effective from Koha item type
        Central Library Central Library 29/12/2015 Cen Lib/Ret 12.00   954.0841 ع ب س 940934 29/12/2015 1 12.00 29/12/2015 Urdu Bks

© Delhi Public Library
Hit Counter
free hit counter